| 000 | 00686nam a2200217 a 4500 | ||
|---|---|---|---|
| 003 | PILC | ||
| 005 | 20150812143545.0 | ||
| 008 | 100721s19uu xx 00 eng d | ||
| 020 | _a9789810698607 | ||
| 050 |
_aHD 2755.5 _b.D186 2007 |
||
| 082 |
_aMnSF 658.1821 _bD22 2000 |
||
| 100 |
_aDaniels, John D. _916720 |
||
| 245 |
_aInternational business : _bEnvironment and operations / |
||
| 250 | _a11th edition. | ||
| 260 |
_aSingapore : _bPearson Education Asia Pte Ltd, _c2007. |
||
| 300 |
_a909 pages : _billustration ; _c25 cm. |
||
| 650 |
_aBusiness international _916721 |
||
| 650 |
_aBusiness - Environments - _916722 |
||
| 700 |
_aRadebaugh, Lee H. _916723 |
||
| 942 |
_2lcc _cBK |
||
| 999 |
_c288390 _d288390 |
||